Successful writing for qualitative researchers / (Record no. 4855)

000 -LEADER
fixed length control field 00535 a2200205 4500
020 ## - INTERNATIONAL STANDARD BOOK NUMBER
International Standard Book Number 0-415-35539-7
020 ## - INTERNATIONAL STANDARD BOOK NUMBER
International Standard Book Number 0-415-35539-7
082 04 - DEWEY DECIMAL CLASSIFICATION NUMBER
Classification number 808.066001
090 ## - LOCALLY ASSIGNED LC-TYPE CALL NUMBER (OCLC); LOCAL CALL NUMBER (RLIN)
-- 885
-- 885
100 1# - MAIN ENTRY--PERSONAL NAME
Personal name Woods, Peter,
245 10 - TITLE STATEMENT
Title Successful writing for qualitative researchers /
Statement of responsibility, etc. Peter Woods
250 ## - EDITION STATEMENT
Edition statement 2. ed.
260 ## - PUBLICATION, DISTRIBUTION, ETC.
Place of publication, distribution, etc. London :
Name of publisher, distributor, etc. Routledge,
Date of publication, distribution, etc. 2005
300 ## - PHYSICAL DESCRIPTION
Extent 182 s. ;
Dimensions 24 cm.
500 ## - GENERAL NOTE
General note Previous ed.: 1999
650 #0 - SUBJECT ADDED ENTRY--TOPICAL TERM
Topical term or geographic name entry element Report writing
650 #0 - SUBJECT ADDED ENTRY--TOPICAL TERM
Topical term or geographic name entry element Report writing
General subdivision Marketing
650 #0 - SUBJECT ADDED ENTRY--TOPICAL TERM
Topical term or geographic name entry element Authorship
942 ## - ADDED ENTRY ELEMENTS (KOHA)
Koha item type Book
Call number prefix 808.06001
Holdings
Withdrawn status Lost status Source of classification or shelving scheme Damaged status Not for loan Permanent Location Current Location Date acquired Total Checkouts Full call number Barcode Date last seen Price effective from Koha item type Date last checked out
          Central Library (CL) Central Library (CL) 10/22/2019   808.066001 SEECS006625 10/22/2019 10/22/2019 Book  
          Central Library (CL) Central Library (CL) 08/27/2020 1 808.066001 WOO SEECS007224 01/24/2024 08/27/2020 Book 01/05/2022
© 2023 Central Library, National University of Sciences and Technology. All Rights Reserved.